000
00348nam a2200145Ia 4500
008
151213s9999 xx 000 0 und d
100
_a
E.A.Martin
245
_a
Oxford dictionary of Law
_c
E.A.Martin
260
_a
New York
_b
Oxford University
_c
2005
300
_a
2575 p.
650
_a
Law
650
_a
Law
700
_a
E.A.Martin
999
_c
1725
_d
1725